NBA players college hard - Statistics

General Stats
  • This quiz has been taken 89 times
  • The average score is 9 of 15
Answer Stats
Hint Answer % Correct
Grayson Allen Duke
95%
Jordan Poole Michigan
91%
Jimmy Butler Marquette
88%
Dillon Brooks Oregon
84%
Jaylen Brown Cal
83%
Ben simmons Lsu
83%
Josh Hart Villanova
83%
Jaime Jaquez Ucla
80%
Jeremy Sochan Baylor
55%
Brice sensabaugh Ohio state
45%
Julian Champagne St. Johns
37%
Precious Achuiwa Memphis
34%
Cam Payne Murray State
29%
Justin Champagne Pittsburgh
26%
Jeff Dowtin Rhode Island
11%
No matching quizzes found
Score Distribution
Percent of People with Each Score
Percentile by Number Answered
Your Score History
You have not taken this quiz